| Tag |
First Indicator |
Second Indicator |
Subfields |
| LEADER |
00000cam a2200000 4500 |
| 001 |
in00000045821 |
| 005 |
20151007075307.0 |
| 008 |
800613s1951 cauac 00010 eng c |
| 010 |
|
|
|a agr51000062
|
| 035 |
|
|
|a (OCoLC)06417277
|
| 035 |
|
|
|9 AAF2969AM
|
| 040 |
|
|
|a U.S. Dept. of Agr. Libr.
|c TXA
|d UtOrBLW
|
| 049 |
|
|
|a TXAM
|c [205810]
|
| 050 |
|
0 |
|a SF51
|b .L35
|
| 082 |
0 |
|
|a 636
|
| 092 |
|
|
|a 636.08
|b L421a
|
| 100 |
1 |
|
|a Lawrence, Joseph Melvin,
|d 1911-
|
| 245 |
1 |
0 |
|a American livestock biographies /
|c by J. M. (Mel) Lawrence & Nic Huddleston.
|
| 250 |
|
|
|a [1st ed.
|
| 264 |
|
1 |
|a Roseville? Calif.,
|b [publisher not identified] ;
|c 1951]
|
| 300 |
|
|
|a xviii, 393 pages :
|b illustrations, portrait ;
|c 22 cm.
|
| 336 |
|
|
|a text
|b txt
|2 rdacontent
|
| 337 |
|
|
|a unmediated
|b n
|2 rdamedia
|
| 338 |
|
|
|a volume
|b nc
|2 rdacarrier
|
| 650 |
|
0 |
|a Livestock
|z United States.
|
| 650 |
|
0 |
|a Horse breeds.
|
| 650 |
|
0 |
|a Cattle breeds.
|
| 700 |
1 |
|
|a Huddleston, Nic,
|d 1898-
|
| 999 |
|
|
|a MARS
|
| 999 |
f |
f |
|s 6f3a654f-4707-345e-9c28-f0c78bdafdfe
|i 89c7a8ae-2658-3399-a304-4ff6a836a98e
|t 0
|
| 952 |
f |
f |
|p ric
|a Texas A&M University
|b Rellis Campus
|c Joint Library Facility
|d Remote Storage
|t 0
|e SF51 .L35
|h Library of Congress classification
|i unmediated -- volume
|m A14801087858
|
| 998 |
f |
f |
|a SF51 .L35
|t 0
|l Remote Storage
|